Krátkodobá prognóza HDP vyberaného člena EU bakalárska práca

Enregistré dans:
Détails bibliographiques
Auteur principal: Pokorná, Ľubica
Collectivité auteur: Fakulta hospodárskej informatiky EU. Katedra štatistiky
Autres auteurs: Nguyen Dinh, He
Format: Livre
Langue:slovaque
Publié: Bratislava 2011
Tags: Ajouter un tag
Pas de tags, Soyez le premier à ajouter un tag!

MARC

LEADER 00000nbm a2200000 4500
001 0141005
005 20161109111727.8
041 0 |a slo 
044 |a SK 
245 1 0 |a Krátkodobá prognóza HDP vyberaného člena EU  |b bakalárska práca  |c Ľubica Pokorná ; školiteľ: He Nguyen Dinh 
264 1 |a Bratislava  |c 2011 
300 |a 40 s. 
100 1 |a Pokorná, Ľubica 
700 1 |a Nguyen Dinh, He 
710 2 |a Fakulta hospodárskej informatiky EU. Katedra štatistiky